Gaming Quiz

Random Gaming Quiz

Terraria:Spears Quiz Stats

 Plays Quiz not verified by Sporcle

Score 0/17 Timer 20:00
0 Plays Today
Damage Spears % Correct
8Spear
100%
11Trident
75%
29Dark Lance
58.3%
29Cobalt Naginata
50%
35Mythril Halberd
50%
36Orichalcum Halberd
50%
32Palladium Pike
41.7%
60Mushroom Spear
41.7%
14The Rotted Fork
33.3%
Damage Spears % Correct
38Adamantite Glaive
33.3%
40Titanium Trident
33.3%
42Gungnir
33.3%
49Chlorophyte Partisan
33.3%
19Swordfish
25%
56Tonbogiri
25%
70Obsidian Swordfish
25%
73North Pole
25%

You're not logged in!

Compare scores with friends on all Sporcle quizzes.
OR
Log In

Sporcle TV

Today on Sporcle TV


Watch our educational content, quiz creation guides, and fun videos on Sporcle TV.

Show Comments

Extras

Created Aug 2, 2016ReportNominate
Tags:damage, spear, Velocity

Top Quizzes Today


Score Distribution

Your Account Isn't Verified!

In order to create a playlist on Sporcle, you need to verify the email address you used during registration. Go to your Sporcle Settings to finish the process.

Report this User

Report this user for behavior that violates our Community Guidelines.

Details: